O transkripcii novogréčtiny

Bibliographic Details
Main Author: Gavora, Ivan, 1919-2006 (Author)
Format: Article
Language:Slovak
Subjects:

MARC

LEADER 00000nab a2200000 a 4500
001 vtls000220890
003 SK-MaSNL
005 20260303232409.0
008 140423c1985 xo 0 slo
015 |a SNBRB19rr/mm-uuuuu 
035 |a CL0231004 
040 |a SNKBUCL  |b slo  |c SNKBUCL  |e AACR2 
041 0 |a slo 
044 |a xo  |c SK 
080 |a 801.14:807.74  |2 1981 
080 |a 807.74  |2 1981 
100 1 |a Gavora, Ivan,  |d 1919-2006  |4 aut  |9 185790 
245 1 0 |a O transkripcii novogréčtiny  |c Ivan Gavora 
500 |a V rubrike Fórum. 
650 0 7 |a gréčtina  |2 snkbucl  |9 67753 
655 7 |a články z novín a časopisov  |2 snkbucl  |9 267496 
773 0 |t Revue svetovej literatúry  |g Roč. 21, č. 4 (1985), s. 171-173 
850 |a Slovenská národná knižnica v Martine  |a MTA001 
852 |a SNK  |b KIS3GCP 
958 |a RK 
999 |c 2271695  |d 2273625